Départements du Centre-Val de Loire- Mort Subite - Statistiques

Statistiques générales
  • Ce quiz a été pris 238 fois
  • Le résultat moyen est 5 sur 6
Answers on the Grid
Answers color-coded by a green-red scale on the quiz's grid according to % correct below.
Indre-et-Loire
Allier
Orne
Deux-Sèvres
Sarthe
Indre
Aube
Vienne
Eure-et-Loir
Ille-et-Vilaine
Maine-et-Loire
Loir-et-Cher
Nièvre
Loiret
Loire-Atlantique
Charente
Cher
Yonne
Haute-Vienne
Creuse
 
Statistiques - réponses
Réponse % Correct
Indre-et-Loire
93%
Indre
76%
Loiret
76%
Loir-et-Cher
76%
Cher
74%
Eure-et-Loir
71%
Aucun quiz correspondant
Distribution des résultats
% des personnes avec chaque résultat
Percentile par nombre de réponses
Votre historique - résultats
Vous n’avez pas pris ce quiz